000 00368nam a2200133Ia 4500
008 220216s9999 xx 000 0 und d
100 _aMenon P.M.
245 0 _aShort term techniques for boosting rubber productivity
260 _bRubber Board Bulletin
_c1989
300 _a4-Mar
650 _aProductivity enhancement
650 _aRubber productivity
942 _cBS
999 _c51169
_d51169